000 00855nam a2200193Ia 4500
005 20251020182559.0
008 200515s9999 xx 000 0 und d
082 _aSC/331.822.333/T49
100 _aTHURMAN, J. E.LOUZINE, A. E.KOGI, K.
245 0 _aMayor productividad y un mejor lugar de trabajo : Ideas prácticas para gerentes de pequeñas y medianas empresas industriales : Guía para la acción
260 _aGinebra
260 _c1989
300 _a114
520 _aMedidas simples, efectivas y de costo reducido para aumentar la productividad y mejorar las condiciones en el lugar de trabajo. Los propietarios y gerentes de pequeñas y medianas empresas encontrarán ideas con respecto a asuntos básicos como almacenamient
650 _aALMACENAMIENTO DE MATERIALES
650 _aPUB OIT
650 _aSEGURIDAD E HIGIENE
942 _cLIB
999 _c2996
_d2996